Datum a čas kvízu

32 Celkem bodů Celkový počet nahraných bodů na tomto kvízu bez doplňovacích otázek.
4. Pořadí na kvízu Konečné umístění týmu na tomto kvízu.

Zaznamenané odpovědi

# Otázka Odpověď Body Výsledky
1. Kolik korun měl stát podle slo... 15 000 Kč 1
2. Na Slovensku byl schválen záko... B 1
3. „Mí rodiče celý můj život kont... Beckhamových 0
4. Minulý týden se měnilo pořadí... Michal Strnad 1
5. Ve kterém sportu povede nově č... A 1
6. Jak se jmenuje italský horolez... Reinhold Messner 1
7. Jak se trojslovně jmenuje disc... lezení na obtížnost 1
8. Jak se jmenuje horolezecké vyb... sedák (sedací/bederní úvaz) 0
9. Po půl bodu můžete získat, kdy... El Capitan, Yosemite 0
10. Jak se jmenuje fenomenální slo... B) Janja Garnbret 0